las mejores poesías de los mejores poetas

محفوظ في:
التفاصيل البيبلوغرافية
المؤلف الرئيسي: Fiallo, Fabio
التنسيق: كتاب
اللغة:Undetermined
منشور في: Madrid, España Cervantes 1931
الموضوعات:
الوسوم: إضافة وسم
لا توجد وسوم, كن أول من يضع وسما على هذه التسجيلة!

MARC

LEADER 00000nam a2200000Ia 4500
008 170316s9999 xx 000 0 und d
040 |a cru BVZT 
090 |a 862 F-11m 
100 |a Fiallo, Fabio 
245 |a las mejores poesías de los mejores poetas 
260 |a Madrid, España 
260 |b Cervantes 
260 |c 1931 
300 |a 80 páginas 
650 |a LITERATURA ESPAÑOLA 
999 |c 9837  |d 9837 
942 |c 15 D  |h 862 F-11m  |2 z